000 00544nam a2200181Ia 4500
001 24309
005 20260414151034.0
008 260414t2016||||xx |||||||||||||| ||spa||
041 _aESP
082 _a345.2
_bV67
100 _aVillegas Paiva, Elky Alexander
_eAUT
245 0 _aLímites a la detención y prisión preventiva :
_bcuestionamiento a la privación arbitraria de la libertad personal en el proceso penal
260 _c2016
300 _a591 páginas :
_c25 cm.
650 _aDER
654 _aCDE
942 _cLIB
_dJUS
_fJUS
_2ddc
_n
999 _c24309
_d24309